Normal view
MARC view
Entry Personal Name
001 - CONTROL NUMBER
- control field: 62095
003 - CONTROL NUMBER IDENTIFIER
- control field: dpl
005 - DATE AND TIME OF LATEST TRANSACTION
- control field: 20240215112610.0
008 - FIXED-LENGTH DATA ELEMENTS
- fixed length control field: 240215|| aca||aabn | a|a d
040 ## - CATALOGING SOURCE
- Original cataloging agency: dpl
- Transcribing agency: dpl
100 ## - HEADING--PERSONAL NAME
- Personal name: Sengupta Gautam
670 ## - SOURCE DATA FOUND
- Source citation: Work cat.: (dpl)200753: Custodians Of The Past/, 2012
